| 000 | 00492nam a22001577a 4500 | ||
|---|---|---|---|
| 005 | 20140311163044.0 | ||
| 008 | 140109b xxu||||| |||| 00| 0 eng d | ||
| 020 | _a0321049144 | ||
| 050 |
_aPN 1009.A1 _b.An464 2002 |
||
| 100 | _aAnderson, Nancy A. | ||
| 245 |
_aElementary children’s literature : _bthe basics for teachers and parents / _cNancy A. Anderson. |
||
| 260 |
_aBoston : _bPearson/AandB, _c2006. |
||
| 300 |
_a386 p. : _bill. ; _c22 cm. |
||
| 942 |
_2lcc _cBK _kFOR |
||
| 999 |
_c39805 _d39805 |
||